CodyCross - Spécial "Noël" - Statistiques

Statistiques générales
  • Ce quiz a été pris 244 fois
  • Le résultat moyen est 22 sur 22
Statistiques - réponses
Définitions Réponses % Correct
Fête célébrée le 25 décembre Noël
100%
Personnage légendaire qui apporte des cadeaux aux enfants sages Père Noël
100%
Dessert de Noël pouvant être glacée ou pâtissière Bûche
99%
Ils attendent les enfants au pied du sapin Cadeaux
99%
Saison durant laquelle Noël est célébré Hiver
99%
Petit personnage qui aide le Père Noël à préparer les cadeaux Lutin
99%
Précipitation hivernale qui tombe sous forme de cristaux de glace Neige
99%
Arbre traditionnellement décoré pour les fêtes de fin d'année Sapin
99%
Véhicule magique utilisé par le Père Noël pour voyager aux quatre coins du monde Traîneau
99%
Il peut être blanc, noir ou au lait et plaît aux plus gourmands Chocolat
98%
Décoration que l'on enroule autour du sapin pour l'embellir Guirlande
98%
Cet animal rend service au Père Noël en tirant son traîneau Renne
98%
Soirée du 24 décembre qui fait souvent l'objet d'un long repas familial Réveillon
98%
Décoration ronde que l'on accroche au sapin Boule
97%
Traditionnellement composé de 24 cases, on l'ouvre chaque jour afin de découvrir une surprise Calendrier
97%
On dit que le Père Noël passe par là pour livrer ses cadeaux Cheminée
97%
On la place généralement au sommet du sapin Étoile
97%
Grand sac dans lequel le Père Noël transporte tous ses cadeaux Hotte
97%
Nom du célèbre petit renne au nez rouge Rudolph
96%
Région de la Finlande où habiterait le Père Noël Laponie
95%
Chanson de Noël très populaire évoquant l’hiver, le vent sifflant, le réveillon et l’arrivée de la nouvelle année Vive le Vent
95%
Période qui couvre les quatre semaines précédant Noël Avent
94%
Aucun quiz correspondant
Distribution des résultats
% des personnes avec chaque résultat
Percentile par nombre de réponses
Votre historique - résultats
Vous n’avez pas pris ce quiz